[Event "CHN-ch"]
[Site "Xinghua"]
[Date "2025.07.03"]
[Round "11"]
[White "Shen, Fuyan"]
[Black "Yuan, Qingyu"]
[Result "1/2-1/2"]
[WhiteElo "2175"]
[BlackElo "2347"]
[PlyCount "61"]
[EventDate "2025.06.23"]
[EventType "swiss"]
[EventRounds "11"]
[EventCountry "CHN"]
[SourceTitle "CB28_2025"]
[SourceDate "2025.07.09"]
[SourceVersion "1"]
[SourceVersionDate "2025.07.09"]
[SourceQuality "1"]

1. d4 Nf6 2. c4 e6 3. Nc3 Bb4 4. e3 b6 5. Nge2 0-0 6. a3 Bxc3+ 7. Nxc3 d5 8. Be2 dxc4 9. Bxc4 Bb7 10. f3 Qe7 11. Qe2 c5 12. dxc5 Qxc5 13. e4 Rc8 14. Bd3 Nbd7 15. Be3 Qe7 16. 0-0 Ne5 17. Rfd1 h6 18. Rac1 Nxd3 19. Qxd3 Rd8 20. Qe2 Rxd1+ 21. Rxd1 Rd8 22. Rxd8+ Qxd8 23. Qd2 Qxd2 24. Bxd2 Ba6 25. Bf4 Nd7 26. Bd6 f6 27. Kf2 e5 28. Nd5 Kf7 29. Bb4 Bc4 30. Ne3 Ba6 31. Nd5 1/2-1/2

[Event "CHN-ch"]
[Site "Xinghua"]
[Date "2025.06.29"]
[Round "7"]
[White "Zhong, Taoyu"]
[Black "Shen, Fuyan"]
[Result "1/2-1/2"]
[WhiteElo "1778"]
[BlackElo "2175"]
[PlyCount "122"]
[EventDate "2025.06.23"]
[EventType "swiss"]
[EventRounds "11"]
[EventCountry "CHN"]
[SourceTitle "CB28_2025"]
[SourceDate "2025.07.09"]
[SourceVersion "1"]
[SourceVersionDate "2025.07.09"]
[SourceQuality "1"]

1. d4 Nf6 2. c4 e6 3. g3 Bb4+ 4. Bd2 Qe7 5. Bg2 Nc6 6. Nf3 Bxd2+ 7. Nbxd2 d6 8. 0-0 0-0 9. e4 e5 10. d5 Nb8 11. b4 Bg4 12. Qb3 Bxf3 13. Bxf3 Nbd7 14. Bg2 a5 15. a3 c6 16. Rfc1 axb4 17. axb4 c5 18. b5 Nb6 19. Nf1 g6 20. Ne3 Nh5 21. Qc2 Ng7 22. h4 Rfe8 23. Bh3 Reb8 24. Re1 Qf8 25. Rf1 Re8 26. Rfe1 Nh5 27. Kg2 Nf6 28. f3 Qh6 29. Qb3 Kf8 30. Kf2 Ke7 31. Qc3 Reb8 32. Rxa8 Rxa8 33. Ra1 Rxa1 34. Qxa1 Kd8 35. Qa5 Kc7 36. Bc8 Kxc8 37. Qxb6 Qf8 38. Qa7 Nd7 39. Nd1 f5 40. Ke2 Qh6 41. Ne3 Qh5 42. Qa8+ Kc7 43. Kf2 f4 44. Ng4 fxg3+ 45. Kxg3 g5 46. Qa5+ Nb6 47. hxg5 Qxg5 48. Kf2 Qf4 49. Ne3 Qh2+ 50. Kf1 Qb2 51. Qe1 Qb3 52. Qe2 Na4 53. Kf2 Nb2 54. Kg3 Nd3 55. Qh2 Nf4 56. Qxh7+ Kb6 57. Nf5 Qc2 58. Qd7 Qg2+ 59. Kh4 Ng6+ 60. Kh5 Nf4+ 61. Kh4 Ng6+ 1/2-1/2

[Event "China zt 3.5"]
[Site "Jiangxi"]
[Date "2025.03.30"]
[Round "9"]
[White "Yang, Zilong"]
[Black "Shen, Fuyan"]
[Result "1/2-1/2"]
[WhiteElo "2337"]
[BlackElo "2112"]
[PlyCount "83"]
[EventDate "2025.03.22"]
[EventType "swiss"]
[EventRounds "9"]
[EventCountry "CHN"]
[SourceTitle "CB14_2025"]
[SourceDate "2024.11.01"]
[SourceVersion "1"]
[SourceVersionDate "2024.11.01"]
[SourceQuality "1"]

1. e4 e5 2. Nf3 Nc6 3. Bb5 a6 4. Ba4 Nf6 5. 0-0 Bc5 6. c3 b5 7. Bc2 d5 8. Qe2 0-0 9. d3 h6 10. h3 Re8 11. Rd1 Bb7 12. Nbd2 a5 13. a4 b4 14. Nb3 Bb6 15. Be3 Qd6 16. Bxb6 cxb6 17. Qe3 Qc7 18. Rac1 Rad8 19. Nh4 Bc8 20. Nf3 Be6 21. Nbd2 bxc3 22. bxc3 dxe4 23. dxe4 Nb8 24. Bd3 Nbd7 25. Bb5 Rf8 26. Rb1 Nc5 27. Qe2 Rd6 28. Rdc1 Rfd8 29. Qe3 Nfd7 30. Nf1 f6 31. Ng3 Nb8 32. Nf5 Bxf5 33. exf5 Nc6 34. Nh4 Ne7 35. Qf3 Rd2 36. Qg4 e4 37. Rd1 Kh8 38. Rxd2 Rxd2 39. Rd1 Qd8 40. Rxd2 Qxd2 41. Ng6+ Nxg6 42. fxg6 1/2-1/2

[Event "China zt 3.5"]
[Site "Jiangxi"]
[Date "2025.03.29"]
[Round "8"]
[White "Shen, Fuyan"]
[Black "Gong, Sunle"]
[Result "1/2-1/2"]
[WhiteElo "2112"]
[BlackElo "2407"]
[PlyCount "255"]
[EventDate "2025.03.22"]
[EventType "swiss"]
[EventRounds "9"]
[EventCountry "CHN"]
[SourceTitle "CB14_2025"]
[SourceDate "2024.11.01"]
[SourceVersion "1"]
[SourceVersionDate "2024.11.01"]
[SourceQuality "1"]

1. d4 d5 2. c4 e6 3. Nc3 Nf6 4. cxd5 exd5 5. Bg5 c6 6. e3 h6 7. Bh4 Be7 8. Bd3 0-0 9. Nge2 Re8 10. 0-0 Nh5 11. Bxe7 Qxe7 12. Qd2 Nd7 13. Rab1 Nb6 14. b4 a6 15. a4 Nc4 16. Bxc4 dxc4 17. a5 Bf5 18. Rb2 Rad8 19. Rc1 Qg5 20. Ng3 Nxg3 21. hxg3 Bd3 22. Na4 h5 23. Nc5 h4 24. gxh4 Qxh4 25. Nxd3 cxd3 26. Qxd3 Rd6 27. g3 Qg4 28. Qd1 Qe4 29. Qc2 Qf3 30. Qd1 Rxe3 31. Qxf3 Rxf3 32. Re1 Rd7 33. Re3 Rf5 34. Re5 Rf6 35. Rd2 Rfd6 36. Re4 Rd5 37. g4 f6 38. Kf1 Kf7 39. Ke2 Rb5 40. Rb2 Kg6 41. Ke3 Kg5 42. f3 g6 43. Re6 Rf7 44. Rb1 Kh6 45. f4 Kg7 46. Kd3 Rd7 47. Kc4 Rbd5 48. Rd1 Kf7 49. Re2 Rd8 50. Rh2 Kg7 51. Kc3 R8d7 52. Rdh1 Rxd4 53. Rh7+ Kf8 54. Rh8+ Kf7 55. R1h7+ Ke6 56. Re8+ Kd6 57. Kxd4 Rxh7 58. Rg8 Rd7 59. Rxg6 Ke6+ 60. Kc4 Kf7 61. Rh6 Kg7 62. Rh3 Rd5 63. Rd3 Rb5 64. Rd7+ Kg6 65. Rd6 Kf7 66. Rd7+ Kg6 67. Rc7 Kh6 68. f5 Kg5 69. Rf7 b6 70. axb6 Rxb6 71. Rg7+ Kf4 72. Rf7 Ke5 73. Re7+ Kf4 74. Re6 Kg5 75. Rd6 a5 76. bxa5 Ra6 77. Kb4 c5+ 78. Kxc5 Rxa5+ 79. Kd4 Ra4+ 80. Ke3 Rxg4 81. Rd5 Ra4 82. Rb5 Rf4 83. Ra5 Kg4 84. Rb5 Kg3 85. Ra5 Rf1 86. Ke2 Kg2 87. Ke3 Kg3 88. Ke2 Rf3 89. Rb5 Kg2 90. Ra5 Rf4 91. Ke3 Kg3 92. Rb5 Rf3+ 93. Ke2 Kg4 94. Rb4+ Kg3 95. Rb5 Rf4 96. Ke3 Kg4 97. Ra5 Rf1 98. Ke2 Rb1 99. Ke3 Rb3+ 100. Ke4 Rb8 101. Ke3 Re8+ 102. Kf2 Re4 103. Rb5 Kf4 104. Ra5 Rb4 105. Kf1 Rb2 106. Ke1 Kg4 107. Kf1 Rc2 108. Ke1 Rc3 109. Kf2 Rf3+ 110. Kg2 Rf4 111. Rb5 Ra4 112. Kf2 Kf4 113. Ke2 Re4+ 114. Kf2 Kg4 115. Ra5 Rf4+ 116. Kg2 Rc4 117. Kf2 Rc2+ 118. Kf1 Kg3 119. Ra3+ Kf4 120. Ra5 Rh2 121. Kg1 Re2 122. Kf1 Rd2 123. Ke1 Rb2 124. Kf1 Kf3 125. Ra3+ Kg4 126. Ra5 Rb4 127. Kf2 Rf4+ 128. Ke3 1/2-1/2

[Event "China zt 3.5"]
[Site "Jiangxi"]
[Date "2025.03.27"]
[Round "6"]
[White "Shen, Fuyan"]
[Black "Zhou, Runyi"]
[Result "1/2-1/2"]
[WhiteElo "2112"]
[BlackElo "2321"]
[PlyCount "87"]
[EventDate "2025.03.22"]
[EventType "swiss"]
[EventRounds "9"]
[EventCountry "CHN"]
[SourceTitle "CB14_2025"]
[SourceDate "2024.11.01"]
[SourceVersion "1"]
[SourceVersionDate "2024.11.01"]
[SourceQuality "1"]

1. d4 Nf6 2. c4 g6 3. Nc3 Bg7 4. e4 d6 5. f3 0-0 6. Be3 a6 7. Qd2 Nc6 8. Nge2 Na5 9. Nc1 b6 10. b4 Nc6 11. a3 Nh5 12. g4 e5 13. N3e2 Nf4 14. d5 Nb8 15. Nxf4 exf4 16. Bd4 Qh4+ 17. Kd1 Bxd4 18. Qxd4 c5 19. Qc3 Bd7 20. Nd3 Bxg4 21. fxg4 Qxg4+ 22. Kc2 Nd7 23. Re1 Rfe8 24. Be2 Qh4 25. Bf3 cxb4 26. axb4 a5 27. Ra1 axb4 28. Qxb4 Nc5 29. Qe1 Qh3 30. Qf1 Qd7 31. Nxc5 bxc5 32. Qd3 Qh3 33. Qf1 Qd7 34. Qd3 Rxa1 35. Rxa1 Qh3 36. Qe2 f5 37. Ra7 Qh4 38. Rd7 Ra8 39. Rb7 Qf6 40. Kb3 fxe4 41. Bxe4 Qa1 42. Qb2 Qd1+ 43. Qc2 Qa1 44. Qb2 1/2-1/2

[Event "China zt 3.5"]
[Site "Jiangxi"]
[Date "2025.03.23"]
[Round "2"]
[White "Shen, Fuyan"]
[Black "Song, Yihang"]
[Result "1/2-1/2"]
[WhiteElo "2112"]
[BlackElo "1798"]
[PlyCount "61"]
[EventDate "2025.03.22"]
[EventType "swiss"]
[EventRounds "9"]
[EventCountry "CHN"]
[SourceTitle "CB14_2025"]
[SourceDate "2024.11.01"]
[SourceVersion "1"]
[SourceVersionDate "2024.11.01"]
[SourceQuality "1"]

1. c4 Nf6 2. Nc3 c5 3. Nf3 Nc6 4. g3 g6 5. Bg2 d6 6. d4 cxd4 7. Nxd4 Bd7 8. 0-0 Bg7 9. Nxc6 bxc6 10. c5 d5 11. e4 dxe4 12. Nxe4 Nxe4 13. Bxe4 0-0 14. Qc2 Rb8 15. Rd1 Qc7 16. Bf4 e5 17. Bg5 f6 18. Bd2 Be6 19. Bc3 Rfd8 20. Qa4 Rxd1+ 21. Rxd1 Bf8 22. Ba5 Qb7 23. b4 Rc8 24. Rd8 Bd7 25. Qd1 Rxd8 26. Bxd8 Qxb4 27. Qxd7 Qe1+ 28. Kg2 Qxe4+ 29. Kf1 Qb1+ 30. Kg2 Qe4+ 31. Kf1 1/2-1/2

[Event "Hong Kong Blitz op"]
[Site "Hong Kong"]
[Date "2024.12.29"]
[Round "9"]
[White "Shen, Fuyan"]
[Black "Kwong, Wing Ki"]
[Result "1-0"]
[WhiteElo "1957"]
[BlackElo "1891"]
[PlyCount "83"]
[EventDate "2024.12.29"]
[EventType "swiss (blitz)"]
[EventRounds "9"]
[EventCountry "HKG"]
[SourceTitle "CB01_2025"]
[SourceDate "2025.01.01"]
[SourceVersion "1"]
[SourceVersionDate "2025.01.01"]
[SourceQuality "1"]

1. c4 e5 2. Nc3 Nc6 3. Nf3 Nf6 4. e3 Be7 5. Qb3 0-0 6. Be2 d6 7. a3 Re8 8. 0-0 Rb8 9. d4 Bf8 10. Qc2 Bg4 11. d5 Ne7 12. h3 Bf5 13. e4 Bg6 14. Nh4 Nd7 15. Nf5 h6 16. b4 Nxf5 17. exf5 Bh7 18. Bd3 Nf6 19. Be3 a6 20. g4 c6 21. Be4 Nxe4 22. Qxe4 Qc7 23. Rac1 g6 24. Ne2 Qd7 25. Ng3 Rbc8 26. Rcd1 Qe7 27. Kh2 Qf6 28. Rg1 Kh8 29. f3 Qh4 30. Rg2 Qf6 31. c5 dxc5 32. bxc5 cxd5 33. Rxd5 Rcd8 34. Rgd2 Rxd5 35. Rxd5 gxf5 36. Nxf5 Bxf5 37. gxf5 Bg7 38. Rd7 Rc8 39. Qxb7 Rf8 40. Qe4 Rc8 41. Rd6 Qd8 42. Rxd8+ 1-0

[Event "TCh-CHN Div A Finals"]
[Site "Shaoxing"]
[Date "2024.12.02"]
[Round "1.1"]
[White "Wu, Yixing"]
[Black "Shen, Fuyan"]
[Result "1/2-1/2"]
[WhiteElo "2418"]
[BlackElo "1980"]
[PlyCount "93"]
[EventDate "2024.12.02"]
[EventType "team-k.o."]
[EventRounds "4"]
[EventCountry "CHN"]
[SourceTitle "CB50_2024"]
[SourceDate "2024.11.01"]
[SourceVersion "1"]
[SourceVersionDate "2024.11.01"]
[SourceQuality "2"]
[WhiteTeam "Guangdong"]
[BlackTeam "Shenzhen Qiyuwenhua"]
[WhiteTeamCountry "CHN"]
[BlackTeamCountry "CHN"]

1. e4 c5 2. Nf3 e6 3. d4 cxd4 4. Nxd4 Nc6 5. a3 Nf6 6. Nc3 d5 7. exd5 exd5 8. Bb5 Bd7 9. 0-0 Be7 10. Ba4 0-0 11. h3 Nxd4 12. Qxd4 Bxa4 13. Qxa4 Qc7 14. Bg5 Qc6 15. Rad1 h6 16. Bh4 g5 17. Bg3 Qxa4 18. Nxa4 Rfd8 19. Rfe1 Kf8 20. Nc3 Rac8 21. Be5 Rc4 22. Bd4 b6 23. b3 Rc6 24. Bxf6 Bxf6 25. Nxd5 Bb2 26. c4 b5 27. Nb4 Rxd1 28. Rxd1 Rc8 29. cxb5 Bxa3 30. Nc6 Bc5 31. Rd7 a6 32. Ne5 axb5 33. Rxf7+ Kg8 34. Rb7 Bd4 35. Ng4 h5 36. Nh6+ Kh8 37. Nf7+ Kg8 38. Nxg5 Rc1+ 39. Kh2 Bxf2 40. Ne4 Be3 41. Kg3 Rf1 42. Rb8+ Kg7 43. Re8 Kg6 44. Kh4 Rf4+ 45. Kg3 Rf1 46. Kh4 Rf4+ 47. Kg3 1/2-1/2

[Event "Abu Dhabi op-B 30th"]
[Site "Abu Dhabi"]
[Date "2024.08.22"]
[Round "7"]
[White "Shen, Fuyan"]
[Black "Lad, Mandar Pradip"]
[Result "1-0"]
[WhiteElo "1826"]
[BlackElo "2254"]
[PlyCount "67"]
[EventDate "2024.08.15"]
[EventType "swiss"]
[EventRounds "9"]
[EventCountry "UAE"]
[SourceTitle "EXT 2025"]
[Source "ChessBase"]
[SourceDate "2024.10.14"]
[SourceVersion "1"]
[SourceVersionDate "2024.10.14"]
[SourceQuality "1"]

1. c4 e5 2. Nc3 Nf6 3. Nf3 Nc6 4. e3 Bb4 5. Qc2 0-0 6. Nd5 Re8 7. Qf5 d6 8. Nxf6+ gxf6 9. Qh5 d5 10. Bd3 e4 11. cxd5 exd3 12. dxc6 bxc6 13. b3 Qd5 14. Qh4 Bf8 15. Bb2 Bg7 16. h3 Re4 17. Qg3 Qd6 18. Rc1 Bd7 19. 0-0 a5 20. Bd4 Kh8 21. Rc3 Rg8 22. Ne1 Rxd4 23. exd4 Qd5 24. Rxd3 Bf5 25. Rc3 Be4 26. Qf4 f5 27. Rg3 Bb1 28. a3 Ba2 29. Nf3 Bxb3 30. Rc1 a4 31. Ne5 Qd6 32. Rxb3 Bxe5 33. dxe5 Qd5 34. Rg3 1-0

[Event "CHN-ch U14"]
[Site "Shanghai"]
[Date "2024.02.20"]
[Round "9"]
[White "Zhang, Qiwang"]
[Black "Shen, Fuyan"]
[Result "0-1"]
[WhiteElo "1471"]
[BlackElo "1612"]
[PlyCount "60"]
[EventDate "2024.02.16"]
[EventType "swiss"]
[EventRounds "11"]
[EventCountry "CHN"]
[SourceTitle "CBM 218 Extra"]
[Source "ChessBase"]
[SourceDate "2024.03.31"]
[SourceVersion "1"]
[SourceVersionDate "2024.03.31"]
[SourceQuality "1"]

1. e4 c5 2. Nf3 e6 3. d4 cxd4 4. Nxd4 Nc6 5. Bf4 d6 6. Bb5 Bd7 7. Nxc6 bxc6 8. Bd3 e5 9. Bd2 Nf6 10. c4 Be7 11. 0-0 0-0 12. Nc3 Be6 13. Qe2 Re8 14. Rfd1 h6 15. h3 Bf8 16. Be3 Qc7 17. Rac1 Qb7 18. a3 Qb3 19. Nb1 a5 20. Nd2 Qb7 21. Nf3 Bd7 22. Bb1 Rab8 23. Rd2 c5 24. Qd1 Nxe4 25. Bxe4 Qxe4 26. Bxc5 dxc5 27. Rxd7 Rxb2 28. Ra7 Qf4 29. Qe1 e4 30. Rd1 Qb8 0-1